| 000 | 00372nam a2200145 a 4500 | ||
|---|---|---|---|
| 001 | 2972 | ||
| 003 | CDMR | ||
| 005 | 20130116135237.0 | ||
| 008 | 130130s1989||||||||||||||||||||||||||||d | ||
| 040 |
_aCDMR _bcat _cCDMR |
||
| 100 | 1 |
_aAguilera Gamoneda, Joaquim de _9591 |
|
| 245 | 1 | 0 | _aNueva dimensión de los medios audiovisuales |
| 260 |
_aBarcelona _c1989 _bMitre |
||
| 942 | _cMON | ||
| 999 |
_c2972 _d2972 |
||